000 00709nam a2200217Ii 4500
003 JO-AjNU
008 230605s9999||||xx |||||||||||||| ||und||
017 _a2006/5/1267
040 _aJO-AjNU
_bara
_erda
_cJO-AjNU
041 _aara
050 1 4 _aDS110 2006
100 3 _aتاليف الهندي، عاني علي,
_eauthor
_917934
245 0 0 _aالقباب من ذاكرة الشيوخ إلى قلوب الشباب
250 _aط1
264 3 1 _aعمان: (د.ن)، 2006
300 _a170ص
336 _atext
_btxt
_2rdacontent
337 _aunmediated
_bn
_2rdamedia
338 _avolume
_bnc
_2rdacarrier
650 4 _aفلسطين- تاريخ- قرى فلسطين- الرملة- فلسطين
_917935
999 _aA5642
_c9210
_d9210